Miasta województwa Łódzkiego według opisu - Statystyki

Ogólne statystyki
  • Ten quiz został rozwiązany 59 razy
  • Średni wynik to 6 z 8
Statystyki odpowiedzi
Opis Miasto % Poprawnych
Znajduje się tam Kopalnia węgla brunatnego i elektrownia Bełchatów
100%
Miasto należy do Aglomeracji Łódzkiej. Skojarz z Cesarzem Konstantynem Konstantynów Łódzki
96%
Prezydentem miasta jest Hanna Zdanowska Łódź
96%
Miasto i jednocześnie trzecia najdłuższa rzeka w Polsce Warta
91%
Miasto kojarzone z dżemami Łowicz
89%
Znajduje się tam jedyny zespół grający na dzwonkach ręcznych, Zelowskie Dzwonki Zelów
79%
Powiatowe miasto z tablicą rejestracyjną EWE Wieruszów
74%
Znajduje się tam cmentarz tzw. Bratnia Mogiła, gdzie pochowane są prochy poległych powstańców styczniowych Lutomiersk
13%
Nie znaleziono quizów pasujących do podanych kryteriów
Rozkład punktacji
Procent ludzi z każdym wynikiem
Percentyl według liczby udzielonych odpowiedzi
Twoja historia wyników
Nie rozwiązałeś tego quizu